000 00544nam a2200193 i 4500
001 bgj
100 1 _aSEIFERT, Kelvin
245 1 0 _aEducational psychology :
_binstructor's manual with test items /
_cKelvin Seifert.
260 _aBoston :
_bHoughton Mifflin Company,
_cc. 1983.
300 _aXV, 336 pp ;
_c24 cm.
650 9 _aEducational psychology
655 _aExercises, questions
020 _a0395327911
040 _cBPK
041 0 _aeng
920 _a0-395-32791-1
942 _cKS
008 s uk f |000 0 eng
999 _c47401
_d47401